[Event "First Saturday 2011 aprilis FM-A"]
[Site "Budapest"]
[Date "2011.04.07"]
[Round "6"]
[White "Xu, Fei"]
[Black "Darazs, Zoltan"]
[Result "0-1"]
[WhiteElo "1909"]
[BlackElo "2218"]
[PlyCount "142"]
[EventDate "2011.04.02"]

1. e4 e5 2. Nf3 Nc6 3. Bb5 a6 4. Ba4 Nf6 5. Qe2 b5 6. Bb3 Be7 7. O-O O-O 8. c3
d6 9. h3 Na5 10. Bc2 c5 11. d3 Nc6 12. Nbd2 Re8 13. Re1 Bf8 14. Nf1 g6 15. Be3
Bg7 16. Ng3 h6 17. d4 c4 18. a4 Bb7 19. Rad1 Qc7 20. Qd2 Kh7 21. d5 Nb8 22. Nh2
Nbd7 23. Ng4 Nxg4 24. hxg4 Nc5 25. f3 Nxa4 26. Bxa4 bxa4 27. Kf2 Rh8 28. Rh1
Kg8 29. Ra1 Bc8 30. Rxa4 Bd7 31. Ra2 g5 32. Nh5 f6 33. Ra3 Kf7 34. Rha1 Qb7 35.
Ra5 Rhb8 36. R1a2 Bf8 37. Ng3 Be7 38. Qe1 Bd8 39. R5a3 Bb6 40. Qh1 Bxe3+ 41.
Kxe3 Rh8 42. Qh5+ Ke7 43. Qg6 Rhf8 44. Nf5+ Kd8 45. Ke2 Qb6 46. Ne3 a5 47. Qh5
a4 48. Qh1 Qc5 49. Nc2 Kc7 50. Nb4 Rh8 51. Ra1 Kb6 52. Nc2 Be8 53. Qg1 h5 54.
Qxc5+ Kxc5 55. gxh5 Rxh5 56. Nb4 Bd7 57. Rd1 g4 58. Raa1 Rh2 59. Kf2 Rg8 60.
Kg3 Rh6 61. Rh1 gxf3+ 62. Kxf3 Rhg6 63. Rh2 Rg3+ 64. Kf2 R3g4 65. Kf3 Rf4+ 66.
Ke3 Rg3+ 67. Kd2 Rxe4 68. Na6+ Kb6 69. Nb8 Bb5 70. Rf1 Rd3+ 71. Kc1 a3 0-1

[Event "First Saturday 2011 aprilis FM-A"]
[Site "Budapest"]
[Date "2011.04.07"]
[Round "6"]
[White "Zala, Gyula"]
[Black "Juracsik, Jozsef"]
[Result "0-1"]
[WhiteElo "2074"]
[BlackElo "2228"]
[PlyCount "71"]
[EventDate "2011.04.02"]

1. Nh3 e5 2. Na3 d5 3. g3 c6 4. f3 Nf6 5. c3 h6 6. Nf2 Bd6 7. Nc2 Bf5 8. b3 Qe7
9. Bb2 Nbd7 10. Bg2 O-O-O 11. a4 h5 12. a5 a6 13. b4 g5 14. Ne3 Bg6 15. Qb3 Kb8
16. Ba3 Nf8 17. Nd3 Ne6 18. Rf1 h4 19. b5 Bxa3 20. Rxa3 Bxd3 21. exd3 cxb5 22.
gxh4 gxh4 23. Bh3 Nc5 24. Nf5 Qf8 25. Qc2 Nxd3+ 26. Qxd3 Qxa3 27. Ne3 Qxa5 28.
Qf5 Qb6 29. Qxe5+ Ka8 30. Kf2 d4 31. Nf5 dxc3+ 32. d4 Rd5 33. Qe7 Rxd4 34. Nxd4
Qxd4+ 35. Kg2 Nd5 36. Qe1 {after 9 move} 0-1

[Event "First Saturday 2011 aprilis FM-A"]
[Site "Budapest"]
[Date "2011.04.07"]
[Round "6"]
[White "Kiss, Peter"]
[Black "Chen, Yang"]
[Result "0-1"]
[WhiteElo "1902"]
[BlackElo "2033"]
[PlyCount "74"]
[EventDate "2011.04.02"]

1. e4 c5 2. Nf3 Nc6 3. d4 cxd4 4. Nxd4 g6 5. c4 Bg7 6. Be3 Nf6 7. Nc3 O-O 8.
Be2 d6 9. f4 Bd7 10. O-O a5 11. Bf3 Nxd4 12. Bxd4 Bc6 13. Rc1 Nd7 14. Bxg7 Kxg7
15. Kh1 Qb6 16. Qe2 Qc5 17. Rfd1 Rae8 18. Bg4 e6 19. Bh3 f5 20. Qd3 Nf6 21.
exf5 exf5 22. Re1 Qf2 23. Rf1 Qb6 24. Nd1 Re6 25. Qg3 Re2 26. Qc3 Qc5 27. a3 a4
28. Rc2 Rxc2 29. Qxc2 d5 30. Re1 dxc4 31. Qc3 Rd8 32. Ne3 Rd3 33. Qc1 h5 34.
Nd1 Rxh3 35. Re5 Qd4 36. Nc3 Ng4 37. Ne2 Rxh2# 0-1

[Event "First Saturday 2011 aprilis FM-A"]
[Site "Budapest"]
[Date "2011.04.07"]
[Round "6"]
[White "Borda, Lajos"]
[Black "Erdos, Boglarka"]
[Result "1/2-1/2"]
[WhiteElo "2135"]
[BlackElo "2174"]
[PlyCount "39"]
[EventDate "2011.04.02"]

1. e4 c5 2. Nf3 Nf6 3. e5 Nd5 4. Nc3 e6 5. Nxd5 exd5 6. d4 Nc6 7. c3 cxd4 8.
cxd4 d6 9. exd6 Bxd6 10. Be2 O-O 11. O-O Bg4 12. Ng5 Bxe2 13. Qxe2 h6 14. Nf3
Qd7 15. Bd2 Rae8 16. Qd3 Re4 17. Bc3 Rfe8 18. Rad1 a6 19. h3 Ne7 20. Ne5
1/2-1/2

[Event "First Saturday 2011 aprilis FM-A"]
[Site "Budapest"]
[Date "2011.04.07"]
[Round "6"]
[White "Tran, Minh Thang"]
[Black "Csillag, Janos"]
[Result "1-0"]
[WhiteElo "2077"]
[BlackElo "1978"]
[PlyCount "47"]
[EventDate "2011.04.02"]

1. d4 c5 2. c3 cxd4 3. cxd4 Qb6 4. Nc3 g6 5. Nf3 Bg7 6. Na4 Qa5+ 7. Bd2 Qf5 8.
Rc1 Na6 9. Nc5 Nxc5 10. Rxc5 d5 11. Bb4 Nf6 12. Rc7 O-O 13. Rxe7 Ne4 14. e3 Bf6
15. Rc7 Re8 16. Bd3 Rd8 17. Rc2 g5 18. O-O g4 19. Nd2 Qh5 20. Nxe4 dxe4 21. Rc5
Qh4 22. Be2 b6 23. g3 Qh3 24. Rxc8 1-0

[Event "First Saturday 2011 aprilis FM-A"]
[Site "Budapest"]
[Date "2011.04.08"]
[Round "7"]
[White "Csillag, Janos"]
[Black "Farkas, Richard"]
[Result "1/2-1/2"]
[WhiteElo "1978"]
[BlackElo "2001"]
[PlyCount "118"]
[EventDate "2011.04.02"]

1. d4 d5 2. c4 e5 3. dxe5 d4 4. g3 Nc6 5. Nf3 Nge7 6. Bg2 Ng6 7. O-O Ngxe5 8.
Nbd2 f6 9. Nb3 Nxc4 10. Nfxd4 Nxd4 11. Nxd4 Nd6 12. b4 Bg4 13. Qb3 Qd7 14. Be3
c6 15. Rac1 Rc8 16. Rfd1 Qf7 17. Qc2 Be7 18. h3 Bh5 19. Nf5 Nxf5 20. Qxf5 Rd8
21. Rxd8+ Bxd8 22. Bc5 Bg6 23. Qc8 Qd7 24. Qxd7+ Kxd7 25. Bxa7 Be7 26. b5 cxb5
27. Bxb7 b4 28. Bc6+ Ke6 29. e4 Bd6 30. f4 Bf7 31. Bd5+ Ke7 32. Bc5 Bxd5 33.
Bxd6+ Kxd6 34. Rd1 Ra8 35. Rxd5+ Ke6 36. Rd2 Ra3 37. Kf2 b3 38. axb3 Rxb3 39.
Ra2 Rb7 40. Ra6+ Ke7 41. Kf3 Kf7 42. h4 Re7 43. g4 Rb7 44. g5 Re7 45. gxf6 gxf6
46. Ra4 Kg6 47. Kg4 Rb7 48. h5+ Kf7 49. Kf5 Rb5+ 50. e5 fxe5 51. Ra7+ Kg8 52.
fxe5 Rb1 53. Kf6 Rf1+ 54. Ke6 Rh1 55. Kd7 Rxh5 56. e6 Rd5+ 57. Ke8 h5 58. Rd7
Ra5 59. Rd1 Kg7 1/2-1/2

[Event "First Saturday 2011 aprilis FM-A"]
[Site "Budapest"]
[Date "2011.04.08"]
[Round "7"]
[White "Erdos, Boglarka"]
[Black "Tran, Minh Thang"]
[Result "1-0"]
[WhiteElo "2174"]
[BlackElo "2077"]
[PlyCount "65"]
[EventDate "2011.04.02"]

1. e4 e6 2. d4 d5 3. Nd2 dxe4 4. Nxe4 Bd7 5. Nf3 Bc6 6. Neg5 Nf6 7. Ne5 Ne4 8.
Nxc6 Qd5 9. Ne5 Bb4+ 10. c3 Nxc3 11. bxc3 Bxc3+ 12. Bd2 Qxd4 13. Nef3 Bxd2+ 14.
Nxd2 Qe5+ 15. Nge4 f5 16. f4 Qxf4 17. Ng3 O-O 18. Bc4 Nc6 19. Ne2 Qh4+ 20. g3
Qf6 21. O-O Rad8 22. Qc1 Nd4 23. Nxd4 Qxd4+ 24. Rf2 f4 25. Nf3 Qd6 26. Kg2 b5
27. Bxb5 g5 28. Bc4 g4 29. Ng5 fxg3 30. Rxf8+ Rxf8 31. Bxe6+ Kg7 32. hxg3 h5
33. Qc2 1-0

[Event "First Saturday 2011 aprilis FM-A"]
[Site "Budapest"]
[Date "2011.04.08"]
[Round "7"]
[White "Chen, Yang"]
[Black "Borda, Lajos"]
[Result "1-0"]
[WhiteElo "2033"]
[BlackElo "2135"]
[PlyCount "66"]
[EventDate "2011.04.02"]

1. e4 c5 2. b3 Nc6 3. Bb2 a6 4. f4 d6 5. Nf3 Bg4 6. h3 Bxf3 7. Qxf3 e5 8. Bc4
Nf6 9. Bd5 Nxd5 10. exd5 Nd4 11. Bxd4 exd4 12. O-O Be7 13. d3 O-O 14. Nd2 Qd7
15. f5 Bf6 16. Ne4 Rfe8 17. Nxf6+ gxf6 18. Qg4+ Kh8 19. Qh4 Qd8 20. Rae1 Re5
21. Re4 Qe7 22. Rff4 Rg8 23. Qh6 Rg7 24. Rg4 Rxg4 25. Rxg4 Re1+ 26. Kh2 Qe5+
27. Rg3 Rh1+ 28. Kxh1 Qxg3 29. Qf8+ Qg8 30. Qxd6 Qg5 31. Qf8+ Qg8 32. Qxc5 h5
33. Qxd4 Qg5 1-0

[Event "First Saturday 2011 aprilis FM-A"]
[Site "Budapest"]
[Date "2011.04.08"]
[Round "7"]
[White "Darazs, Zoltan"]
[Black "Zala, Gyula"]
[Result "1-0"]
[WhiteElo "2218"]
[BlackElo "2074"]
[PlyCount "49"]
[EventDate "2011.04.02"]

1. e4 e5 2. f4 d5 3. exd5 e4 4. d3 e3 5. Bxe3 Qxd5 6. Nc3 Qd8 7. Nf3 Nf6 8. Qe2
Be7 9. O-O-O O-O 10. h3 Re8 11. Qf2 Nd5 12. Nxd5 Qxd5 13. Kb1 Na6 14. c4 Qa5
15. Bd2 Qa4 16. b3 Qa3 17. Bc3 Bb4 18. Qb2 Qa5 19. Bxg7 Ba3 20. Bc3 Qc5 21. Qd2
Bb4 22. d4 Bxc3 23. Qxc3 Qf5+ 24. Bd3 Qxf4 25. Ne5 1-0

[Event "First Saturday 2011 aprilis FM-A"]
[Site "Budapest"]
[Date "2011.04.08"]
[Round "7"]
[White "Sanders, Isaac B"]
[Black "Xu, Fei"]
[Result "1-0"]
[WhiteElo "2015"]
[BlackElo "1909"]
[PlyCount "47"]
[EventDate "2011.04.02"]

1. d4 d5 2. c4 c6 3. Nc3 Nf6 4. Nf3 dxc4 5. e4 b5 6. e5 Nd5 7. a4 e6 8. axb5
Nxc3 9. bxc3 cxb5 10. Ng5 Bb7 11. Qh5 g6 12. Qg4 Be7 13. Be2 h5 14. Qg3 Nd7 15.
Nxe6 Qb6 16. Ng5 Bd5 17. Bf3 Qc6 18. Ra6 Qxa6 19. Bxd5 Bxg5 20. Qxg5 O-O 21.
O-O Rae8 22. f4 Re6 23. Bxe6 Qxe6 24. f5 1-0

[Event "First Saturday 2011 aprilis FM-A"]
[Site "Budapest"]
[Date "2011.04.09"]
[Round "8"]
[White "Farkas, Richard"]
[Black "Xu, Fei"]
[Result "0-1"]
[WhiteElo "2001"]
[BlackElo "1909"]
[PlyCount "98"]
[EventDate "2011.04.02"]

1. e4 c5 2. Nf3 d6 3. d4 cxd4 4. Nxd4 Nf6 5. Nc3 a6 6. Be3 e5 7. Nb3 Be6 8. f3
Be7 9. Qd2 O-O 10. Be2 Nbd7 11. Nd5 Nxd5 12. exd5 Bf5 13. c4 Rc8 14. Rc1 Bg6
15. O-O f5 16. a4 f4 17. Bf2 Kh8 18. Rfe1 Bf5 19. Bd3 Bh4 20. Bf1 Qg5 21. Na5
b6 22. Nc6 Nc5 23. Bxh4 Qxh4 24. Qd1 a5 25. Na7 Rce8 26. Nb5 Rf6 27. Nc3 Rh6
28. h3 Rg6 29. Kh1 Qg5 30. Qd4 Nd3 31. Qxb6 Nxe1 32. Rxe1 Qg3 33. Rd1 h6 34.
Rd2 Qe1 35. Rd1 Qg3 36. Rd2 e4 37. fxe4 Bxe4 38. Nxe4 Rxe4 39. Qf2 Re1 40. Re2
Rxe2 41. Qxe2 Qe3 42. Qxe3 fxe3 43. Be2 Rf6 44. Kg1 Rf2 45. Bf3 Rxb2 46. Kf1
Kg8 47. Ke1 Kf7 48. Kd1 Kf6 49. Be2 Ke5 0-1

[Event "First Saturday 2011 aprilis FM-A"]
[Site "Budapest"]
[Date "2011.04.09"]
[Round "8"]
[White "Zala, Gyula"]
[Black "Sanders, Isaac B"]
[Result "0-1"]
[WhiteElo "2074"]
[BlackElo "2015"]
[PlyCount "50"]
[EventDate "2011.04.02"]

1. e4 c5 2. a3 g6 3. h4 h5 4. Bc4 Nc6 5. b4 Bg7 6. c3 Ne5 7. Be2 c4 8. Nf3 Nd3+
9. Bxd3 cxd3 10. a4 d5 11. Qb3 dxe4 12. Ng5 Nh6 13. Bb2 Bf5 14. c4 O-O 15. Bxg7
Kxg7 16. Nc3 Qd4 17. Ra2 f6 18. Nb5 Qe5 19. Nh3 Be6 20. g3 e3 21. dxe3 Qe4 22.
Rh2 Bxc4 23. Qb2 Bxa2 24. Qxa2 Ng4 25. Nc7 Nxh2 0-1

[Event "First Saturday 2011 aprilis FM-A"]
[Site "Budapest"]
[Date "2011.04.09"]
[Round "8"]
[White "Borda, Lajos"]
[Black "Juracsik, Jozsef"]
[Result "1/2-1/2"]
[WhiteElo "2135"]
[BlackElo "2228"]
[PlyCount "55"]
[EventDate "2011.04.02"]

1. e4 c5 2. Nf3 e6 3. Be2 Nf6 4. e5 Nd5 5. c4 Nf4 6. Bf1 Ng6 7. Bd3 Nc6 8. Bxg6
hxg6 9. d3 d6 10. Bf4 dxe5 11. Nxe5 Nxe5 12. Bxe5 Qg5 13. Bg3 Bd7 14. Qd2 Qxd2+
15. Nxd2 Bc6 16. Ne4 Rd8 17. O-O-O Be7 18. f3 b6 19. Rhe1 g5 20. Nc3 g4 21. Rf1
gxf3 22. gxf3 Rd7 23. Kc2 f5 24. Rde1 Kf7 25. Re2 g5 26. f4 g4 27. Rfe1 Rh6 28.
Re3 {after 37 move} 1/2-1/2

[Event "First Saturday 2011 aprilis FM-A"]
[Site "Budapest"]
[Date "2011.04.09"]
[Round "8"]
[White "Tran, Minh Thang"]
[Black "Chen, Yang"]
[Result "1/2-1/2"]
[WhiteElo "2077"]
[BlackElo "2033"]
[PlyCount "46"]
[EventDate "2011.04.02"]

1. d4 d5 2. Bf4 Nf6 3. e3 c5 4. dxc5 Nc6 5. Bb5 e6 6. Qd4 Nd7 7. Bxc6 bxc6 8.
Bd6 Bxd6 9. cxd6 O-O 10. c4 c5 11. Qc3 Qb6 12. Nf3 Qxd6 13. O-O Bb7 14. Rd1 Qe7
15. Nbd2 Rfd8 16. Nb3 dxc4 17. Qxc4 Bxf3 18. gxf3 Ne5 19. Qe4 Qg5+ 20. Kh1 Qh5
21. Kg2 Qg5+ 22. Kh1 Qh5 23. Kg2 Qg5+ 1/2-1/2

[Event "First Saturday 2011 aprilis FM-A"]
[Site "Budapest"]
[Date "2011.04.09"]
[Round "8"]
[White "Csillag, Janos"]
[Black "Erdos, Boglarka"]
[Result "0-1"]
[WhiteElo "1978"]
[BlackElo "2174"]
[PlyCount "36"]
[EventDate "2011.04.02"]

1. d4 d5 2. c4 c6 3. Nc3 Nf6 4. Nf3 e6 5. Bg5 h6 6. Bh4 dxc4 7. a4 Bb4 8. e3
Qa5 9. Bxf6 gxf6 10. Bxc4 Nd7 11. O-O Nb6 12. Qb3 Rg8 13. Rfc1 Be7 14. e4 Nxc4
15. Qxc4 Qh5 16. Kh1 e5 17. d5 Rxg2 18. Kxg2 Bh3+ 0-1

[Event "First Saturday 2011 aprilis FM-A"]
[Site "Budapest"]
[Date "2011.04.10"]
[Round "9"]
[White "Erdos, Boglarka"]
[Black "Farkas, Richard"]
[Result "1-0"]
[WhiteElo "2174"]
[BlackElo "2001"]
[PlyCount "46"]
[EventDate "2011.04.02"]

1. e4 c5 2. Nf3 e6 3. c4 a6 4. Nc3 Qc7 5. Be2 d6 6. O-O Nf6 7. d4 cxd4 8. Nxd4
Be7 9. Be3 Nbd7 10. Rc1 b6 11. f3 Bb7 12. Qd2 Rc8 13. Rfd1 O-O 14. b3 Rfd8 15.
Bf1 Ne5 16. Qf2 Nfd7 17. Qg3 Nc6 18. f4 Nf6 19. Bd3 e5 20. fxe5 dxe5 21. Nd5
Nxd5 22. cxd5 Qd7 23. Nf5 b5 {after 14 move} 1-0

[Event "First Saturday 2011 aprilis FM-A"]
[Site "Budapest"]
[Date "2011.04.10"]
[Round "9"]
[White "Chen, Yang"]
[Black "Csillag, Janos"]
[Result "1-0"]
[WhiteElo "2033"]
[BlackElo "1978"]
[PlyCount "81"]
[EventDate "2011.04.02"]

1. e4 c5 2. Nf3 g6 3. d4 Bg7 4. dxc5 Qa5+ 5. c3 Qxc5 6. Be3 Qc7 7. Bd3 Nf6 8.
h3 Nc6 9. O-O O-O 10. a4 d5 11. Nbd2 e5 12. Bg5 Be6 13. Qe2 Rae8 14. Rab1 Nh5
15. exd5 Bxd5 16. Bc4 Bxc4 17. Qxc4 Kh8 18. Be3 b6 19. a5 bxa5 20. Bc5 Ne7 21.
b4 Nf4 22. Ne4 Ne6 23. Nd6 Rd8 24. Nxf7+ Rxf7 25. Qxe6 Nf5 26. Ra1 Qd7 27. Ng5
Qxe6 28. Nxe6 Rd3 29. Rxa5 Rxc3 30. Rfa1 Nd4 31. Nxd4 exd4 32. Rxa7 Rxa7 33.
Rxa7 Rc1+ 34. Kh2 Be5+ 35. g3 Rc4 36. Rd7 h5 37. h4 Kg8 38. Kg2 Bf6 39. Kf3
Rc3+ 40. Ke4 Rc2 41. Bxd4 1-0

[Event "First Saturday 2011 aprilis FM-A"]
[Site "Budapest"]
[Date "2011.04.10"]
[Round "9"]
[White "Juracsik, Jozsef"]
[Black "Tran, Minh Thang"]
[Result "0-1"]
[WhiteElo "2228"]
[BlackElo "2077"]
[PlyCount "118"]
[EventDate "2011.04.02"]

1. e4 e6 2. d4 d5 3. Nc3 dxe4 4. Nxe4 Bd7 5. Nf3 Bc6 6. Bd3 Nd7 7. Ng3 Ngf6 8.
O-O Be7 9. c4 Bxf3 10. Qxf3 c5 11. d5 Ne5 12. Qe2 Nxd3 13. Qxd3 exd5 14. Nf5
O-O 15. cxd5 Re8 16. Rd1 Qd7 17. Bg5 Bd6 18. Bxf6 gxf6 19. Qh3 Kh8 20. Nxd6
Qxd6 21. Qh5 Re7 22. g3 Rae8 23. Rac1 b5 24. a4 a6 25. axb5 axb5 26. b4 c4 27.
Kg2 Qe5 28. Qf3 Rd8 29. Rc3 Qe4 30. Qxe4 Rxe4 31. Kf3 Re5 32. d6 Re6 33. Re3
Rexd6 34. Rxd6 Rxd6 35. Re8+ Kg7 36. Rb8 c3 37. Rc8 Rd4 38. Rxc3 Rxb4 39. Rc8
f5 40. Rc6 Rb2 41. h4 b4 42. h5 f6 43. Rb6 Kh6 44. Rxf6+ Kg5 45. Rf7 h6 46.
Rg7+ Kxh5 47. Ke3 Rc2 48. f3 Rc4 49. Rb7 Kg5 50. Rg7+ Kf6 51. Rh7 Ke5 52. Rxh6
Rc3+ 53. Kd2 Rxf3 54. Rb6 b3 55. Rb5+ Ke6 56. Rb4 Kd5 57. Ke2 Rxg3 58. Rb5+ Kc4
59. Rxf5 b2 0-1

[Event "First Saturday 2011 aprilis FM-A"]
[Site "Budapest"]
[Date "2011.04.10"]
[Round "9"]
[White "Darazs, Zoltan"]
[Black "Borda, Lajos"]
[Result "1/2-1/2"]
[WhiteElo "2218"]
[BlackElo "2135"]
[PlyCount "76"]
[EventDate "2011.04.02"]

1. e4 c5 2. Nf3 a6 3. c3 d5 4. exd5 Qxd5 5. d4 Bf5 6. Be2 Nd7 7. O-O Ngf6 8. c4
Qc6 9. d5 Qc7 10. Nc3 h6 11. Re1 g5 12. d6 Qxd6 13. Qxd6 exd6 14. Bd3+ Be6 15.
Bf5 Be7 16. Bxe6 fxe6 17. Rxe6 Kf7 18. Re2 Rhe8 19. Bd2 Bf8 20. Rae1 Nb6 21. b3
Rxe2 22. Rxe2 Re8 23. Kf1 Rxe2 24. Kxe2 Ke6 25. h3 d5 26. cxd5+ Nbxd5 27. Nxd5
Kxd5 28. Bc3 Ne4 29. Bb2 b5 30. Nd2 Nxd2 31. Kxd2 c4 32. bxc4+ bxc4 33. Bc3 h5
34. f3 Bd6 35. Bf6 Bf4+ 36. Kc3 h4 37. Bd8 Be5+ 38. Kc2 Bf4 1/2-1/2

[Event "First Saturday 2011 aprilis FM-A"]
[Site "Budapest"]
[Date "2011.04.10"]
[Round "9"]
[White "Sanders, Isaac B"]
[Black "Kiss, Peter"]
[Result "1-0"]
[WhiteElo "2015"]
[BlackElo "1902"]
[PlyCount "71"]
[EventDate "2011.04.02"]

1. d4 c5 2. d5 e5 3. e4 d6 4. Nc3 Be7 5. Bb5+ Kf8 6. Nf3 Bg4 7. b3 a6 8. Bd3 b5
9. a4 b4 10. Nb1 Nf6 11. Nbd2 g6 12. Nc4 Kg7 13. h3 Bxf3 14. Qxf3 Rf8 15. h4 h5
16. Ne3 Qc8 17. Qg3 Kh8 18. Bd2 Ne8 19. Nc4 Qc7 20. Qe3 Bf6 21. g4 Ng7 22.
O-O-O Kg8 23. Qh6 Re8 24. Rdg1 hxg4 25. Rxg4 Bd8 26. h5 g5 27. Bxg5 f6 28. Bxf6
Bxf6 29. Qxf6 Rf8 30. Qe6+ Kh8 31. Qh6+ Kg8 32. Rhg1 Rf7 33. Nxe5 dxe5 34. d6
Qd7 35. Rxg7+ Rxg7 36. Bc4+ 1-0

[Event "First Saturday 2011 aprilis FM-A"]
[Site "Budapest"]
[Date "2011.04.10"]
[Round "9"]
[White "Xu, Fei"]
[Black "Zala, Gyula"]
[Result "1/2-1/2"]
[WhiteElo "1909"]
[BlackElo "2074"]
[PlyCount "51"]
[EventDate "2011.04.02"]

1. e4 e5 2. Nf3 d5 3. Nxe5 Qe7 4. d4 f6 5. Nd3 Qxe4+ 6. Be2 c6 7. Be3 Bd6 8.
Bf3 Qe7 9. Nc3 Bf5 10. Qd2 Qf7 11. O-O-O Ne7 12. Rde1 Na6 13. g4 Bxd3 14. Qxd3
Qg6 15. Qe2 O-O-O 16. Qd2 Rde8 17. h3 Kb8 18. Be2 b5 19. a4 Nb4 20. h4 h5 21.
gxh5 Qh7 22. axb5 Rc8 23. Bf4 Qxc2+ 24. Qxc2 Bxf4+ 25. Qd2 Bxd2+ 26. Kxd2
1/2-1/2

[Event "First Saturday 2011 aprilis FM-A"]
[Site "Budapest"]
[Date "2011.04.11"]
[Round "10"]
[White "Farkas, Richard"]
[Black "Zala, Gyula"]
[Result "1-0"]
[WhiteElo "2001"]
[BlackElo "2074"]
[PlyCount "73"]
[EventDate "2011.04.02"]

1. d4 c5 2. c3 e6 3. Bf4 d5 4. Nf3 f6 5. Nbd2 g5 6. Bg3 h5 7. h3 f5 8. e3 Nc6
9. Ne5 h4 10. Bh2 Bd6 11. Ndf3 cxd4 12. Nxc6 bxc6 13. Qxd4 Rh7 14. Bxd6 Qxd6
15. Nxg5 e5 16. Qa4 Rb7 17. Qxh4 Nh6 18. b3 a5 19. Be2 Re7 20. O-O Bd7 21. Bh5+
Kd8 22. Rfd1 Kc7 23. c4 Rg8 24. Rac1 Reg7 25. f4 d4 26. c5 Qf6 27. Qe1 Rxg5 28.
fxg5 Qxg5 29. Qe2 Ng4 30. hxg4 fxg4 31. exd4 exd4 32. Re1 Qxh5 33. Qe5+ Qxe5
34. Rxe5 g3 35. Re4 Rg4 36. Rxg4 Bxg4 37. Rc4 1-0

[Event "First Saturday 2011 aprilis FM-A"]
[Site "Budapest"]
[Date "2011.04.11"]
[Round "10"]
[White "Borda, Lajos"]
[Black "Sanders, Isaac B"]
[Result "1-0"]
[WhiteElo "2135"]
[BlackElo "2015"]
[PlyCount "49"]
[EventDate "2011.04.02"]

1. e4 c5 2. Nf3 d6 3. c3 Nf6 4. h3 Nc6 5. d3 g6 6. Be3 c4 7. Nbd2 cxd3 8. Bxd3
Bg7 9. O-O O-O 10. Re1 Qc7 11. Nd4 Ne5 12. Be2 Be6 13. Nxe6 fxe6 14. f4 Ned7
15. Bc4 d5 16. Bb3 Nc5 17. e5 Nh5 18. Qg4 Nxb3 19. Nxb3 Bh6 20. g3 Rf7 21. Nd4
Qc8 22. Rf1 Ng7 23. Qh4 Rf5 24. g4 Rxe5 25. Rae1 1-0

[Event "First Saturday 2011 aprilis FM-A"]
[Site "Budapest"]
[Date "2011.04.11"]
[Round "10"]
[White "Csillag, Janos"]
[Black "Juracsik, Jozsef"]
[Result "0-1"]
[WhiteElo "1978"]
[BlackElo "2228"]
[PlyCount "72"]
[EventDate "2011.04.02"]

1. e4 c5 2. Nc3 Nc6 3. d3 d6 4. g3 g6 5. Bg2 Bg7 6. f4 e5 7. Nh3 Nge7 8. O-O f6
9. Be3 Bd7 10. Nb5 Qb8 11. c4 a6 12. Nc3 Nd4 13. Bxd4 cxd4 14. Nd5 Nxd5 15.
exd5 Qc8 16. Nf2 f5 17. Nh3 h6 18. Rc1 O-O 19. b4 a5 20. c5 axb4 21. c6 bxc6
22. dxc6 Be6 23. Qd2 Qc7 24. Qxb4 Rfb8 25. Qd2 e4 26. dxe4 fxe4 27. f5 Rxa2 28.
Qxa2 Bxa2 29. f6 Bf8 30. Bxe4 g5 31. Nf2 Be6 32. Bg2 d5 33. Nd3 Rb6 34. f7+ Kg7
35. Nc5 Bxc5 36. Rxc5 Bxf7 0-1

[Event "First Saturday 2011 aprilis FM-A"]
[Site "Budapest"]
[Date "2011.04.11"]
[Round "10"]
[White "Erdos, Boglarka"]
[Black "Chen, Yang"]
[Result "0-1"]
[WhiteElo "2174"]
[BlackElo "2033"]
[PlyCount "112"]
[EventDate "2011.04.02"]

1. e4 c5 2. Nf3 Nc6 3. d4 cxd4 4. Nxd4 g6 5. Nc3 Bg7 6. Be3 Nf6 7. f3 O-O 8.
Qd2 d5 9. Nxc6 bxc6 10. e5 Nd7 11. f4 e6 12. O-O-O Qa5 13. Kb1 Rb8 14. g3 Qb4
15. b3 c5 16. Ne2 Qb6 17. h4 d4 18. Bg1 Bb7 19. Rh2 a5 20. Nc1 f6 21. exf6 Nxf6
22. Bg2 Bxg2 23. Qxg2 Nd5 24. Ne2 a4 25. Qf3 Ra8 26. Qd3 Nb4 27. Qc4 Nxa2 28.
Rd3 Nb4 29. Rf3 axb3 30. Rxb3 Qa5 31. Kc1 Qa1+ 32. Kd2 Ra2 33. Rxb4 cxb4 34.
Bxd4 Bxd4 35. Qxd4 Qxd4+ 36. Nxd4 Rc8 37. Kc1 Ra3 38. Rg2 Kf7 39. Kb2 Re3 40.
Nb5 Rc6 41. g4 Rc5 42. Nd4 Rc4 43. Rd2 Ke7 44. h5 Re4 45. hxg6 hxg6 46. Nf3
Rxf4 47. Ne5 Rxg4 48. Nxc4 Rxc4 49. Kb3 Rf4 50. c3 bxc3 51. Kxc3 Kf6 52. Kd3
Kf5 53. Ke3 g5 54. Rd8 Kg4 55. Re8 Rf6 56. Rg8 Kh4 0-1

[Event "First Saturday 2011 aprilis FM-A"]
[Site "Budapest"]
[Date "2011.04.12"]
[Round "11"]
[White "Chen, Yang"]
[Black "Farkas, Richard"]
[Result "1/2-1/2"]
[WhiteElo "2033"]
[BlackElo "2001"]
[PlyCount "46"]
[EventDate "2011.04.02"]

1. e4 c5 2. b3 Nc6 3. Bb2 e5 4. Bb5 d6 5. Ne2 Nge7 6. O-O a6 7. Bxc6+ Nxc6 8.
d3 g6 9. Nd2 Bg7 10. f4 O-O 11. f5 b5 12. Ng3 Bf6 13. Qg4 Kh8 14. Nf3 Rg8 15.
Qh3 g5 16. Qg4 Be7 17. h3 f6 18. h4 gxh4 19. Qxh4 Nb4 20. Rf2 Qf8 21. Nh5 Ra7
22. Qh2 Nc6 23. Bc1 Bd7 1/2-1/2

[Event "First Saturday 2011 aprilis FM-A"]
[Site "Budapest"]
[Date "2011.04.12"]
[Round "11"]
[White "Juracsik, Jozsef"]
[Black "Erdos, Boglarka"]
[Result "0-1"]
[WhiteElo "2228"]
[BlackElo "2174"]
[PlyCount "94"]
[EventDate "2011.04.02"]

1. e4 e6 2. d4 d5 3. e5 c5 4. c3 Nc6 5. Nf3 Bd7 6. Be2 Nge7 7. a3 c4 8. O-O Na5
9. Nbd2 Bc6 10. Qe1 Qd7 11. Bd1 Ng6 12. g3 Be7 13. Bc2 Nf8 14. Qd1 f5 15. b4
cxb3 16. Nxb3 Nxb3 17. Bxb3 Bb5 18. Re1 Qc6 19. a4 Ba6 20. Bb2 Nd7 21. a5 Rc8
22. h4 g6 23. Ba4 Bb5 24. Bc2 Nb8 25. Nd2 Kf7 26. Nb1 Qc7 27. Nd2 Nc6 28. c4
Nb4 29. c5 b6 30. axb6 axb6 31. Nb3 bxc5 32. dxc5 Bxc5 33. Nxc5 Qxc5 34. Bb1
Nc6 35. Bd3 Bxd3 36. Qxd3 Rhd8 37. Qd2 d4 38. Qh6 Kg8 39. Ba3 Qd5 40. Bd6 d3
41. h5 Rd7 42. hxg6 Nd4 43. Red1 Ne2+ 44. Kf1 Rg7 45. gxh7+ Kh8 46. Qh4 Nxg3+
47. Qxg3 Qh1+ 0-1

[Event "First Saturday 2011 aprilis FM-A"]
[Site "Budapest"]
[Date "2011.04.12"]
[Round "11"]
[White "Darazs, Zoltan"]
[Black "Csillag, Janos"]
[Result "1-0"]
[WhiteElo "2218"]
[BlackElo "1978"]
[PlyCount "51"]
[EventDate "2011.04.02"]

1. e4 c5 2. Nf3 g6 3. d4 Bg7 4. Nc3 Qa5 5. Be3 Nf6 6. Qd2 Ng4 7. Nd5 Qd8 8. Bf4
d6 9. dxc5 O-O 10. h3 Nf6 11. Nxf6+ Bxf6 12. cxd6 exd6 13. O-O-O Be6 14. Bxd6
Re8 15. e5 Bg7 16. Kb1 Nc6 17. h4 f6 18. h5 Nxe5 19. Nxe5 fxe5 20. hxg6 hxg6
21. Bb5 Qb6 22. Bxe8 Rxe8 23. Ba3 Qc6 24. f3 Rc8 25. Rc1 b5 26. b3 1-0

[Event "First Saturday 2011 aprilis FM-A"]
[Site "Budapest"]
[Date "2011.04.12"]
[Round "11"]
[White "Sanders, Isaac B"]
[Black "Tran, Minh Thang"]
[Result "1/2-1/2"]
[WhiteElo "2015"]
[BlackElo "2077"]
[PlyCount "89"]
[EventDate "2011.04.02"]

1. d4 e6 2. c4 f5 3. g3 Nf6 4. Bg2 c6 5. Nf3 d5 6. O-O Bd6 7. Nc3 O-O 8. Qc2 a6
9. c5 Bc7 10. b4 Nbd7 11. Bf4 Ne4 12. a4 Bxf4 13. gxf4 Rf6 14. b5 Rh6 15. Nxe4
fxe4 16. Ng5 Rg6 17. bxc6 bxc6 18. f3 h6 19. Nh3 Qf6 20. e3 exf3 21. Rxf3 Rb8
22. Rb1 Rxb1+ 23. Qxb1 Qf5 24. Qxf5 exf5 25. Rf1 Re6 26. Kf2 Nf6 27. Bf3 Ng4+
28. Bxg4 fxg4 29. Ng1 Re7 30. Rb1 Kf7 31. a5 h5 32. Rb8 Rc7 33. Ne2 Kf6 34. e4
h4 35. exd5 cxd5 36. Rb6+ Kf5 37. Nc3 Bb7 38. Rd6 Kxf4 39. Nxd5+ Bxd5 40. Rxd5
g3+ 41. hxg3+ hxg3+ 42. Kg2 Rb7 43. c6 Rb2+ 44. Kg1 Rb1+ 45. Kg2 1/2-1/2